| 000 | 00707nam a22002177a 4500 | ||
|---|---|---|---|
| 003 | OSt | ||
| 005 | 20140310182101.0 | ||
| 008 | 130823t xxu||||| |||| 00| 0 eng d | ||
| 020 | _a9780195099089 | ||
| 050 |
_aTK 6143.B4 _b.P38 1996 |
||
| 082 |
_aHS 621.385.'092 _bB4P38 1996 |
||
| 100 |
_aPasachoff, Naomi E. _912789 |
||
| 245 |
_aAlexander Graham Bell _bmaking connections _cPasachoff, Naomi E. |
||
| 260 |
_aNew York : _bOxford University Press, _c 1996. |
||
| 300 |
_a141 p. : _bill. ; _c24 cm. |
||
| 600 |
_a Naomi E. Pasachoff _912790 |
||
| 650 |
_a Bell, Alexander Graham, 1847-1822 _xjuvenile Literature _912791 |
||
| 650 |
_a Investors _xUnited States _912792 |
||
| 942 |
_2lcc _cHS |
||
| 999 |
_c9200 _d9200 |
||